भारत की अंतरिम सुरक्षा की मुख्य चुनोंतियाँ/ (Record no. 214733)

MARC details
000 -LEADER
fixed length control field 01098nam a22002177a 4500
005 - DATE AND TIME OF LATEST TRANSACTION
control field 20260209103549.0
010 ## - LCCN (DPL NO)
LC control number HIN-131056
020 ## - INTERNATIONAL STANDARD BOOK NUMBER
International Standard Book Number 9789364446563
Terms of availability 380.00
035 ## - SYSTEM CONTROL NUMBER
System control number HN-103402
037 ## - SOURCE OF ACQUISITION
Source of stock number/acquisition DBAD
082 ## - DEWEY DECIMAL CLASSIFICATION NUMBER
Classification number 303.64
100 ## - MAIN ENTRY--PERSONAL NAME
Personal name अशोक कुमार
245 ## - TITLE STATEMENT
Title भारत की अंतरिम सुरक्षा की मुख्य चुनोंतियाँ/
Statement of responsibility, etc अशोक कुमार [एवं ] विपुल अनेकांत
250 ## - EDITION STATEMENT
Edition statement 7
260 ## - PUBLICATION, DISTRIBUTION, ETC. (IMPRINT)
Place of publication, distribution, etc चेन्नई
Name of publisher, distributor, etc मैकग्रा हिल एजुकेशन (इंडिया) प्राइवेट लिमिटेड
Date of publication, distribution, etc 2026
270 ## - ADDRESS
Address अंजना काम्प्लेक्स नं:5/90 A, बट रोड, संत थॉमस माउंट
City चेन्नई
Postal code 600016
Electronic mail address support.india@mheducation.com
300 ## - PHYSICAL DESCRIPTION
Extent 358पृ.
Dimensions 23सेमी (अजिल्द)
Other physical details सचित्र
700 ## - ADDED ENTRY--PERSONAL NAME
Personal name विपुल अनेकांत
9 (RLIN) 87205
942 ## - ADDED ENTRY ELEMENTS (KOHA)
Source of classification or shelving scheme Dewey Decimal Classification
Item type Hindi Books
Classification part 303.64
Call number suffix अशोक
Holdings
Withdrawn status Lost status Not for loan Collection code Home library Current library Date acquired Source of acquisition Cost, normal purchase price Full call number Barcode Copy number Cost, replacement price Koha item type
      Non-fiction RC3 Aruna Nagar RC3 Aruna Nagar 06/02/2026 DBAD 380.00 303.64 अशोक HN-103402 1 380.00 Hindi Books

© Delhi Public Library
Hit Counter
free hit counter